| 000 | 00636nam a22002057a 4500 | ||
|---|---|---|---|
| 005 | 20180627162012.0 | ||
| 010 | _aENG-123222 | ||
| 020 |
_a8183243835 _c550.00 |
||
| 035 | _aEN-106754 | ||
| 037 | _bDBAD/PUB | ||
| 082 | _a230.91095496 | ||
| 100 | _aSati, Nirmala | ||
| 245 |
_aPilgrimage Tourism/ _cby Nirmala Sati [and] I. K. Mansoori |
||
| 260 |
_aNew Delhi _bMittal Publications _c2012 |
||
| 270 |
_a4594/9, Daryaganj, _bNew Delhi _e110002 |
||
| 300 |
_a152p. _c21cm(Hb) _bill. |
||
| 500 | _aIt include bibliographical references and index | ||
| 700 | _aMansoori I. K. | ||
| 942 |
_2ddc _cEN _mSAT _h230.91095496 |
||
| 999 |
_c152692 _d152692 |
||